Studia philologica. Roč. 3, č. 1, 1993
| Format: | Book |
|---|---|
| Language: | Undetermined |
| Published: |
Prešov
Pedagogická fakulta v Prešove Univerzity P. J. Šafárika v Košiciach
1993
|
MARC
| LEADER | 00000nam a2200000 a 4500 | ||
|---|---|---|---|
| 001 | vtls001419008 | ||
| 003 | SK-MaSNL | ||
| 005 | 20260224070552.0 | ||
| 008 | 240125s1993 xo 0 und | ||
| 035 | |a SNK000373815 | ||
| 040 | |a SNK |b slo |c SNK |e AACR2 | ||
| 044 | |a xo |c SK | ||
| 245 | 1 | |a Studia philologica. Roč. 3, č. 1, 1993 | |
| 260 | |a Prešov |b Pedagogická fakulta v Prešove Univerzity P. J. Šafárika v Košiciach |c 1993 | ||
| 999 | |c 898751 |d 900681 | ||
| 952 | |a SNK |b SNK |y PREZ |7 0 |p 17A0311536 |o snkČSC 1025/1993/3 D1 |0 0 |1 0 |4 0 |d 2001-08-21 |l 0 |r 2005-01-02 00:00:00 |w 2026-02-24 | ||


